000 01888nam a2200265Ia 4500
008 260220t9999||||xx |||||||||||||| ||spa||
020 _a9992584742
040 _aPY-SlUNAC
_bspa
_erda
041 _aspa
082 _a301.989 2
_bN164n
245 0 _aNarración de los Ava Guaraní :
_bdel departamento de Kanindeju, distrito de Kuruguaty, comunidad Nueva Esperanza
250 _aPrimera edición
264 _aAsunción :
_bUniversidad Evangélica del Paraguay,
_c[Fecha de publicación no identificada].
300 _a117 páginas
490 _aAva Guarani Ayvu ;
_vnúmero 3
520 _aEl libro "Narraciones de los Ava Guaraní del Dpto. de Kanindeju" presenta una colección de relatos tradicionales que reflejan la rica herencia cultural y la cosmovisión de la comunidad Ava Guaraní en Paraguay. A través de estas narraciones, el autor documenta mitos, leyendas y cuentos que han sido transmitidos oralmente de generación en generación, permitiendo una profunda inmersión en la vida cotidiana, creencias y valores de este pueblo indígena. Las historias abordan temas como la relación del ser humano con la naturaleza, la espiritualidad y la importancia de la comunidad, ofreciendo una visión integral de su identidad cultural. Además, el texto destaca la relevancia de preservar estas narrativas en un contexto contemporáneo, donde las culturas indígenas enfrentan desafíos significativos. La obra no solo es un testimonio de la riqueza literaria de los Ava Guaraní, sino también una invitación a reflexionar sobre la diversidad cultural y la necesidad de su conservación en un mundo globalizado.
653 _aAntropología
653 _aCultura indígena
653 _aNarrativa
942 _b2026/02/17
_cBK
999 _c6927
_d6927